LDR 00811naa#a2200181#i#450# 001 EN\\bibl\116882 005 20260426112944.7 011 ## _a2782-4586 100 ## _a20260331b2026####ek#y0engy0150####ca 102 ## _aRU 200 1# _aManagement of accounts payable at an enterprise of the air transport industry in the conditions of the Far North (on the example of Yakutsk Airport) _eJournal article 210 1# _aMoscow _cITBO University _d2026 215 ## _a6 с. 608 ## _aJournal article _2local 675 ## _aРегиональная экономика. Территориальная экономика. 332.1 _aОборотные фонды. Оборотные средства. Оборотный капитал. 658.153 _z 700 #1 _aEvseeva _gMarina Pavlovna 700 #1 _aSibileva _gElena Valerievna 856 4# _ajomeam.ru _u